000 01029naa a22002777a 4500
001 BR8708466
003 BR-BrBNA
005 20240918175923.0
007 ta
008 230509b bl.||||| |||| 00| 0 por d
040 _aBR-BrBNA
_bpor
_cBiblioteca Nacional de Agricultura
041 _a(Pt)
072 _aE70
_b/G514
090 _aE70 BR8708466
100 1 _aLima, D.M. de A.
111 1 _a6. Encontro Nacional de Geografia Agraria
_cGaranhuns, PE (Brazil)
_d9-14 Dec 1985
245 1 _aAbastecimento do Recife em produtos horticolas
260 3 _aRecife, PE (Brasil):
_bMassangana,
_c1985.
500 _aAnais do 6. Encontro Nacional de Geografia Agraria. Comunicacoes Recife, PE (Brasil): Massangana, 1985. p. 222-227 (BR8708466-AM)E70
650 _aHORTALICA
650 _aABASTECIMENTO
650 _aPERNAMBUCO
773 0 _tAnais do 6. Encontro Nacional de Geografia Agraria. Comunicacoes
_wE70 BR8708466
_gRecife, PE (Brasil), 1985. p. 222-227
909 _a202404
_bLucia
_c55
_dLucia Elande
942 _cAM
_2AGRIS
999 _c318804
_d318804